000
00296nam a22001337a 4500
008
181022b xxu||||| |||| 00| 0 eng d
020
_a
9780070179851
041
_a
eng
080
_2
7th
_a
330.101
100
_a
52
101
_a
MAK
245
_a
Macroeconomics
_c
Dornbusch,R
942
_2
udc
_c
BK
999
_c
50471
_d
50471